Guess the Taylor Swift's song by the Bridge #7 - Statistics

General Stats
  • This quiz has been taken 1,653 times
    1,652 since last reset
  • The average score is 9 of 15
Answer Stats
Bridge Song % Correct
" And I can see you years from now in a bar, talking over a football game, with that same big, loud opinion, but nobody's listening, washed up and ranting about the same old bitter things, drunk and grumbling on about how I can't sing, but all you are is (....), all you are is (....), and a liar and pathetic and alone in life and (....), and (....), and (....), and (....) " Mean - Speak Now
89%
" Here's a toast to my real friends, they don't care about the he-said, she-said, and here's to my baby, he ain't reading what they call me lately, and here's to my mama, had to listen to all this drama, and here's to you, 'cause forgiveness is a nice thing to do, haha, I can't even say it with a straight face " This Is Why We Can’t Have Nice Things - reputation
87%
" I was walking home on broken cobblestones, just thinking of you when she pulled up like, a figment of my worst intentions, she said "James, get in, let's drive", those days turned into nights, slept next to her, but, I dreamt of you all summer long " betty - folklore
85%
" 'Cause they see right through me, they see right through me, they see right through, can you see right through me? They see right through, they see right through me, I see right through me, I see right through me " The Archer - Lover
85%
" Well, you stood there with me in the doorway, my hands shake, I'm not usually this way but, you pull me in and I'm a little more brave, it's the first kiss, it's flawless, really something, it's (........), oh, yeah " Fearless (Taylor’s Version) - Fearless (Taylor’s Version)
84%
" And I don't want you to (Go), I don't really wanna (Fight), 'cause nobody's gonna (Win), I think you should come home, and I don't want you to (Go), I don't really wanna (Fight), 'cause nobody's gonna (Win), I think you should come home, and I don't want you to (Go), I don't really wanna (Fight), 'cause nobody's gonna (Win), just thought you should know, and I'll never let you (Go) 'cause I know this is a (Fight), that someday we're gonna (Win) " Miss Americana & The Heartbreak Prince - Lover
77%
" I want auroras and sad prose, I want to watch wisteria grow right over my bare feet, 'cause I haven't moved in years, and I want you right here, a red rose grew up out of ice frozen ground, with no one around to tweet it, while I bathe in cliffside pools, with my calamitous love and insurmountable grief " the lakes - folklore
62%
" I'm taking my time, taking my time, 'cause you took everything from me, watching you climb, watching you climb, over people like me, the master of spin has a couple side flings, good wives always know, she should be mad, should be scathing like me " mad woman - folklore
59%
" And so it goes, you two are dancing in a snow globe, 'round and 'round, and he keeps a picture of you in his office downtown, and you understand now, why they lost their minds and fought the wars, and why I've spent my whole life trying to put it into words " You Are In Love - 1989
57%
" Oh, block it all out, the voices so loud, sayin' "Why did you let her go?" does it make you feel sad, that the love that you're lookin' for, is the love that you had? " I Bet You Think About Me (Taylor’s Version) [From the Vault] - Red (Taylor's Version)
50%
" Oh, back up, baby, back up, did you forget everything? back up, baby, back up, did you forget everything? " Forever & Always (Taylor’s Version) - Fearless (Taylor's Version)
45%
" And when I was shipwrecked (Can't think of all the cost), I thought of you (All the things that will be lost now), in the cracks of light (Can we just get a pause?), I dreamed of you (To be certain we'll be tall again, if you think of all the costs), it was real enough (Whether weather be the frost), to get me through (Or the violence of the dog days) (Or the violence of the dog days) (Out on waves, being tossed) (I'm on waves, out being tossed), I swear (Is there a line that we can just go cross?), you were there " evermore - evermore
43%
" Oh, we made quite a mess, babe, it's probably better off this way, and I confess, baby, in my dreams, you're touching my face, and asking me if I wanna try again with you, and (. ...... ..) " I Almost Do (Taylor’s Version) - Red (Taylor's Version)
40%
" I know I'm just a wrinkle in your new life, staying friends would iron it out so nice, guilty, guilty, reaching out across the sea, that you put between you and me, but it's fake and it's oh so unnecessary " closure - evermore
38%
" Come back and tell me why I'm feeling like I've missed you all this time, and meet me there tonight, and let me know that it's not all in my mind " Everything Has Changed (Taylor’s Version) - Red (Taylor's Version)
33%
No matching quizzes found
Score Distribution
Percent of People with Each Score
Percentile by Number Answered
Your Score History
You have not taken this quiz since the last reset